00263nam a2200097Ia 4500008004100000020001400041100002200055245004000077260003400117300001400151180323s9999 xx 000 0 und d a894800159 aEisenberg, Arlene aWhat to eat when you're expecting / aNew York :b1986cWorkman pub a346 pages